Rights of way and access to the countryside (Record no. 96102)

MARC details
000 -LEADER
fixed length control field 00519cam a2200217 4500
001 - CONTROL NUMBER
control field D3997
008 - FIXED-LENGTH DATA ELEMENTS--GENERAL INFORMATION
fixed length control field 090401t1969 xxu||||| |||| 00| 0 eng d
035 ## - SYSTEM CONTROL NUMBER
System control number (Sirsi) u75996
041 ## - LANGUAGE CODE
Language code of text/sound track or separate title eng
050 ## - LIBRARY OF CONGRESS CALL NUMBER
Classification number 346.410435
100 ## - MAIN ENTRY--PERSONAL NAME
Personal name Garner, J.F.
245 ## - TITLE STATEMENT
Title Rights of way and access to the countryside
250 ## - EDITION STATEMENT
Edition statement 2nd
260 ## - PUBLICATION, DISTRIBUTION, ETC.
Place of publication, distribution, etc. London
Name of publisher, distributor, etc. Oyez Publications
Date of publication, distribution, etc. 1969
300 ## - PHYSICAL DESCRIPTION
Extent 127p. 21cm
350 ## - PRICE (NR) (BK AM CF MU VM SE) [OBSOLETE]
Price 1.5
490 ## - SERIES STATEMENT
Series statement Oyez Practice Notes
Volume/sequential designation 55
520 ## - SUMMARY, ETC.
Summary, etc. Shelf 305
942 ## - ADDED ENTRY ELEMENTS (KOHA)
Suppress in OPAC 0
948 ## - LOCAL PROCESSING INFORMATION (OCLC); SERIES PART DESIGNATOR (RLIN)
c (OCLC) 04/03/1997
Holdings
Withdrawn status Lost status Source of classification or shelving scheme Damaged status Not for loan Home library Current library Shelving location Date acquired Cost, normal purchase price Total Checkouts Full call number Barcode Date last seen Copy number Cost, replacement price Price effective from Koha item type
    Dewey Decimal Classification     London London Basement 14/09/1999 1.50   SHELF 305 30008881 06/08/2019 1 1.50 06/08/2019 Reference material